| 000 | 00378 a2200169 4500 | ||
|---|---|---|---|
| 001 | 73650 | ||
| 020 | _a8503003414 | ||
| 040 | _cAnchieta - Colégio São Paulo | ||
| 100 | _aRego, José Lins | ||
| 240 | 1 | 0 |
_aMenino de engenho _lpor |
| 245 | 1 | 0 | _aMenino de engenho |
| 300 | _a88 | ||
| 362 | 0 | _a1994 | |
| 440 | 1 | _aJosé Olympio | |
| 650 | 4 | _aFicção brasileira | |
| 942 | _cBK | ||
| 999 |
_c73650 _d73650 |
||